[Event "African Schools-ch U17"]
[Site "Lusaka"]
[Date "2016.12.16"]
[Round "7.2"]
[White "Mulenga, Chileshe Rapheal"]
[Black "Ngoma, Isaac"]
[Result "1-0"]
[WhiteElo "1915"]
[BlackElo "1589"]
[PlyCount "73"]
[EventDate "2016.12.11"]
[EventType "swiss"]
[EventRounds "9"]
[EventCountry "ZAM"]
[SourceTitle "EXT 2024"]
[Source "ChessBase"]
[SourceDate "2023.10.10"]
[SourceVersion "1"]
[SourceVersionDate "2023.10.10"]
[SourceQuality "1"]

1. e4 c5 2. Nf3 g6 3. d4 cxd4 4. Nxd4 Nf6 5. Nc3 Bg7 6. e5 Ng8 7. Bf4 Nc6 8. Nxc6 bxc6 9. Bc4 Qa5 10. Qf3 e6 11. 0-0 Bxe5 12. Ne4 Qc7 13. Bxe5 Qxe5 14. Rfe1 Qc7 15. Qa3 Ne7 16. Qc3 e5 17. Nf6+ Kf8 18. Rxe5 d5 19. Qe3 h6 20. Re1 Be6 21. Bd3 Ng8 22. Qf3 Kg7 23. Rxe6 fxe6 24. Rxe6 Qf7 25. Qe3 Nxf6 26. Re7 Rhf8 27. Rxf7+ Rxf7 28. Qg3 g5 29. h4 Re8 30. hxg5 Re1+ 31. Kh2 Ne4 32. Qe5+ Kg8 33. f3 hxg5 34. fxe4 Rh7+ 35. Kg3 dxe4 36. Bc4+ Kf8 37. Qf6+ 1-0

[Event "Africa-ch U20"]
[Site "Hammamet"]
[Date "2016.12.03"]
[Round "9"]
[White "Mulenga, Chileshe Rapheal"]
[Black "Mohammed, Naoueli"]
[Result "1/2-1/2"]
[WhiteElo "1915"]
[BlackElo "2044"]
[PlyCount "84"]
[EventDate "2016.11.26"]
[EventType "swiss"]
[EventRounds "9"]
[EventCountry "TUN"]
[SourceTitle "EXT 2018"]
[Source "ChessBase"]
[SourceDate "2017.10.13"]
[SourceVersion "1"]
[SourceVersionDate "2017.10.13"]
[SourceQuality "1"]

1. d4 Nf6 2. Bf4 c5 3. c3 Qb6 4. Qb3 Qxb3 5. axb3 cxd4 6. Bxb8 Rxb8 7. Rxa7 dxc3 8. bxc3 e5 9. Nf3 Bc5 10. Ra2 d6 11. b4 Bb6 12. e3 Be6 13. Rd2 Ke7 14. Be2 Ne4 15. Rc2 Rbc8 16. Bd3 Nf6 17. Nfd2 d5 18. 0-0 Ra8 19. h3 Rhc8 20. Rfc1 h5 21. c4 e4 22. Bf1 d4 23. exd4 Bxd4 24. Re1 b5 25. Nxe4 bxc4 26. Ng3 Kf8 27. Rec1 Rab8 28. Bxc4 Rxb4 29. Nd2 Bxc4 30. Nxc4 g6 31. Nd2 Rxc2 32. Rxc2 Kg7 33. Ne2 Bb6 34. g3 h4 35. Kg2 hxg3 36. fxg3 Nd5 37. Nf1 Rb1 38. Rd2 Nf6 39. Nc3 Rb3 40. Rc2 Bd4 41. Ne2 Be5 42. Nd2 Rb5 1/2-1/2

[Event "Africa-ch U20"]
[Site "Hammamet"]
[Date "2016.11.30"]
[Round "5"]
[White "Atia, Mohamed"]
[Black "Mulenga, Chileshe Rapheal"]
[Result "1-0"]
[WhiteElo "1832"]
[BlackElo "1915"]
[PlyCount "105"]
[EventDate "2016.11.26"]
[EventType "swiss"]
[EventRounds "9"]
[EventCountry "TUN"]
[SourceTitle "EXT 2018"]
[Source "ChessBase"]
[SourceDate "2017.10.13"]
[SourceVersion "1"]
[SourceVersionDate "2017.10.13"]
[SourceQuality "1"]

1. e4 c5 2. Nf3 Nc6 3. d4 cxd4 4. Nxd4 Nf6 5. Nc3 e5 6. Ndb5 d6 7. Bg5 a6 8. Bxf6 gxf6 9. Na3 f5 10. Qh5 b5 11. Naxb5 axb5 12. Bxb5 Bb7 13. Bc4 Qf6 14. Nd5 Qg6 15. Qxg6 fxg6 16. Nc7+ Kd7 17. Nxa8 Bxa8 18. 0-0 f4 19. c3 Be7 20. Rfd1 Rc8 21. Bd5 Na5 22. Bxa8 Rxa8 23. Kf1 Bd8 24. Ke2 Bb6 25. b4 Nc4 26. a4 Nb2 27. Ra2 Rxa4 28. Rxa4 Nxa4 29. Kd3 Kc6 30. Kc4 Bc7 31. f3 Nb6+ 32. Kb3 Kb5 33. Ra1 h5 34. Ra2 g5 35. Rd2 g4 36. fxg4 hxg4 37. h3 g3 38. h4 Nd7 39. h5 Nf6 40. h6 Bb6 41. Rxd6 f3 42. c4+ Ka6 43. c5 fxg2 44. Rd1 Bd8 45. Rg1 Nxe4 46. Rxg2 Bg5 47. h7 Bf6 48. Kc4 Bh8 49. Kd5 Nf6+ 50. Kc6 Ka7 51. Rxg3 e4 52. Rg8 e3 53. b5 1-0

[Event "Africa-ch U20"]
[Site "Hammamet"]
[Date "2016.11.27"]
[Round "3"]
[White "Ben Brahem, Aymen"]
[Black "Mulenga, Chileshe Rapheal"]
[Result "0-1"]
[WhiteElo "1733"]
[BlackElo "1915"]
[PlyCount "126"]
[EventDate "2016.11.26"]
[EventType "swiss"]
[EventRounds "9"]
[EventCountry "TUN"]
[SourceTitle "EXT 2018"]
[Source "ChessBase"]
[SourceDate "2017.10.13"]
[SourceVersion "1"]
[SourceVersionDate "2017.10.13"]
[SourceQuality "1"]

1. e4 e6 2. d3 c5 3. Nf3 Nc6 4. g3 d5 5. Nbd2 Nf6 6. Bg2 Be7 7. 0-0 0-0 8. c3 Qc7 9. Re1 dxe4 10. dxe4 e5 11. Qc2 Be6 12. Bf1 a6 13. Ng5 Bg4 14. Be2 h6 15. Bxg4 Nxg4 16. Ngf3 b5 17. Nf1 Rfd8 18. h3 Nf6 19. Ne3 c4 20. Nf5 Rd3 21. Kg2 Rad8 22. b3 cxb3 23. axb3 Bf8 24. Qb2 a5 25. Re2 Kh7 26. Ne1 R3d7 27. Qc2 g6 28. Ne3 b4 29. Nc4 bxc3 30. Qxc3 Bb4 31. Qe3 Ng8 32. Nb6 Rd6 33. Nd5 Qb7 34. Nc2 Qb5 35. Ncxb4 Nxb4 36. Nxb4 axb4 37. Rd2 Rxd2 38. Bxd2 Rd3 39. Qe1 Rxb3 40. Rb1 Rxb1 41. Qxb1 b3 42. Bc3 Ne7 43. Qd1 Qc4 44. Qe1 Nc6 45. h4 h5 46. Qe3 Nd4 47. g4 Nc2 48. Qa7 Qxe4+ 49. f3 Ne3+ 50. Kf2 Nd1+ 51. Kg2 Qf4 52. Bxe5 Ne3+ 53. Kg1 Qxe5 54. Qxf7+ Qg7 55. Qxb3 Qa1+ 56. Kf2 Qb2+ 57. Qxb2 Nd1+ 58. Kg3 Nxb2 59. Kf4 Kh6 60. gxh5 Kxh5 61. Kg3 Nd3 62. Kh3 Ne5 63. f4 Nf3 0-1